000 01225nam a2200241Ia 4500
003 Ost
005 20260507075654.0
008 260507s9999||||xx |||||||||||||| ||und||
020 _a977531268X
040 _cfsecg
041 _aara
082 _a343.62074
100 _aهرجة، مصطفى مجدي
_eمؤلف
245 0 _aجرائم التموين والتسعير الجبري /
_c مصطفى مجدي هرجة
260 _aالاسكندرية:
_bدار محمود للنشر والتوزيع,
_c2002
300 _a743 صفحة؛
_bإيضاحات ؛
_c24 سم
520 _aفي شؤون التموين واستلام وتوزيع المقررات التموينية، التسعير الجبري وتحديد الأرباح، البطاقات التموينية، المطاحن والمخابز، موضوع مرتبط في المسائل العامة في المسائل التموينية، مسائل متنوعة.
653 _aالأسعار- قوانين وتشريعات- مصر
653 _aالبطاقات التموينية
653 _aالتموين- قوانين وتشريعات- مصر
653 _aجرائم التموين- قوانين وتشريعات- مصر
942 _cكتاب
999 _c45660
_d45660